Normal view
MARC view
Entry Personal Name
001 - CONTROL NUMBER
- control field: 11205
003 - CONTROL NUMBER IDENTIFIER
- control field: OSt
005 - DATE AND TIME OF LATEST TRANSACTION
- control field: 20220114143314.0
008 - FIXED-LENGTH DATA ELEMENTS
- fixed length control field: 220114|| aca||aabn | a|a d
040 ## - CATALOGING SOURCE
- Original cataloging agency: OSt
- Transcribing agency: OSt
100 ## - HEADING--PERSONAL NAME
- Personal name: PCQ April 2010
670 ## - SOURCE DATA FOUND
- Source citation: Work cat.: (OSt): PCQ April 2010, 34ys to communicate, 12chat & webcam software, 10sms tools